000 00855cab a2200241 4500
001 ABS54637
008 090401t1996 xxu||||| |||| 00| 0 eng d
035 _a(Sirsi) u11453
041 _aeng
100 _aDodsworth, C.
245 _aWill the bill work?
260 _c1996
350 _a0
490 _aBuilding
_v261(7935) 4 April 1996, 31(1)
520 _aConsiders the adjudication provisions of the Construction Bill.
650 _aMANAGEMENT-DISPUTE AVOIDANCE, MANAGEMENT AND RESOLUTION-DISPUTE MANAGEMENT AND RESOLUTION-ALTERNATIVE DISPUTE RESOLUTION-ADJUDICATION
650 _aCONSTRUCTION BILL 1996 S105
650 _aCONSTRUCTION DISPUTES
650 _aDISPUTE RESOLUTION
_96236
690 _aMANAGEMENT-DISPUTE AVOIDANCE, MANAGEMENT AND RESOLUTION-DISPUTE MANAGEMENT AND RESOLUTION-ARBITRATION
942 _n0
948 _c04/03/1997
999 _c7303
_d7303